Terrestrial slugs: Biology, ecology and control (Record no. 41464)

MARC details
000 -LEADER
fixed length control field 00288nam a2200109Ia 4500
082 ## - DEWEY DECIMAL CLASSIFICATION NUMBER
Classification number 594.38
Item number SOU
100 ## - MAIN ENTRY--AUTHOR NAME
Personal name South, A
245 #0 - TITLE STATEMENT
Title Terrestrial slugs: Biology, ecology and control
260 ## - PUBLICATION, DISTRIBUTION, ETC. (IMPRINT)
Place of publication London
Name of publisher Chapman& Hall
Year of publication 1992
942 ## - ADDED ENTRY ELEMENTS (KOHA)
Koha item type Books
Holdings
Withdrawn status Lost status Damaged status Not for loan Home library Current library Date acquired Cost, normal purchase price Full call number Accession Number Koha item type
        RRII Library RRII Library 16/12/2021 348.00 594.38 SOU 21750 Books